[Event "Seville op 47th"]
[Site "Seville"]
[Date "2022.07.23"]
[Round "9"]
[White "Balbuena Fuentes, Mario"]
[Black "Cuellar Montes, Alejandro"]
[Result "1-0"]
[WhiteElo "2286"]
[BlackElo "2125"]
[PlyCount "87"]
[EventDate "2022.07.16"]
[EventType "swiss"]
[EventRounds "9"]
[EventCountry "ESP"]
[SourceTitle "CBM 209 Extra"]
[Source "ChessBase"]
[SourceDate "2022.09.30"]
[SourceVersion "1"]
[SourceVersionDate "2022.09.30"]
[SourceQuality "1"]

1. Nf3 d5 2. b3 Bf5 3. Bb2 e6 4. g3 Nf6 5. Bg2 Be7 6. d3 h6 7. Nbd2 0-0 8. 0-0 a5 9. a4 c6 10. Re1 Bh7 11. e4 Na6 12. Ne5 dxe4 13. dxe4 Bb4 14. Nd3 Be7 15. Qe2 Nb4 16. Nxb4 Bxb4 17. Red1 Qe7 18. e5 Nd5 19. Be4 Bxd2 20. Bxh7+ Kxh7 21. Rxd2 Rfd8 22. Rad1 Kg8 23. h4 Nc7 24. Rd6 Ne8 25. R6d3 Rd5 26. c4 Rxd3 27. Qxd3 c5 28. Qd7 Qxd7 29. Rxd7 Rb8 30. h5 b6 31. Kg2 Rc8 32. Rb7 Rc6 33. Kf3 Nc7 34. Rb8+ Kh7 35. Rc8 g6 36. g4 Kg7 37. Ke4 Kh7 38. f4 Kg7 39. f5 exf5+ 40. gxf5 gxf5+ 41. Kxf5 Kh7 42. e6 fxe6+ 43. Ke4 e5 44. Bxe5 1-0

[Event "ESP-ch 86th"]
[Site "Linares"]
[Date "2021.08.20"]
[Round "5"]
[White "Herrera Reyes, Jose Antonio"]
[Black "Cuellar Montes, Alejandro"]
[Result "1-0"]
[WhiteElo "2304"]
[BlackElo "2132"]
[PlyCount "89"]
[EventDate "2021.08.16"]
[EventType "swiss"]
[EventRounds "9"]
[EventCountry "ESP"]
[SourceTitle "CBM 204 Extra"]
[Source "ChessBase"]
[SourceDate "2021.11.30"]
[SourceVersion "1"]
[SourceVersionDate "2021.11.30"]
[SourceQuality "1"]

1. Nf3 Nf6 2. g3 d5 3. Bg2 c6 4. 0-0 h6 5. d3 Bf5 6. c3 e6 7. Qb3 Qc8 8. c4 Be7 9. cxd5 exd5 10. e4 dxe4 11. Nd4 Bg6 12. dxe4 0-0 13. e5 Ng4 14. Bf4 Rd8 15. Nf3 Be4 16. h3 g5 17. Nxg5 hxg5 18. Bxe4 gxf4 19. hxg4 Qxg4 20. Bf3 Qg5 21. Nc3 Nd7 22. Ne4 Qxe5 23. Rfe1 Nb6 24. gxf4 Qxf4 25. Ng3 Bc5 26. Kg2 Rd2 27. Ne4 Rd5 28. Rh1 Re8 29. Rae1 Re6 30. Rh3 Rg6+ 31. Kh1 Re5 32. Qc3 Be7 33. Bh5 Rg7 34. Ng3 Rxe1+ 35. Qxe1 Nd5 36. Bd1 Qg5 37. Bc2 Nf4 38. Rh2 Qd5+ 39. Be4 Qg5 40. Qd1 Bf8 41. Qd7 Qc5 42. Qd2 Qg5 43. Bf5 Nd5 44. Bh7+ Kh8 45. Bg6+ 1-0

[Event "ESP-ch U18"]
[Site "Salobrena"]
[Date "2021.07.31"]
[Round "9"]
[White "Cuellar Montes, Alejandro"]
[Black "Martin Barcelo, Carles"]
[Result "0-1"]
[WhiteElo "2087"]
[BlackElo "2227"]
[PlyCount "140"]
[EventDate "2021.07.26"]
[EventType "swiss"]
[EventRounds "9"]
[EventCountry "ESP"]
[SourceTitle "CBM 203 Extra"]
[Source "ChessBase"]
[SourceDate "2021.09.30"]
[SourceVersion "1"]
[SourceVersionDate "2021.09.30"]
[SourceQuality "1"]

1. e4 e5 2. d4 exd4 3. Qxd4 Nc6 4. Qc4 Nf6 5. Nc3 Bb4 6. Bd2 0-0 7. 0-0-0 Re8 8. f3 d6 9. a3 Be6 10. Qe2 Ba5 11. g4 Qe7 12. h4 h5 13. gxh5 Nxh5 14. Qg2 Rad8 15. Nge2 a6 16. Ng3 Nxg3 17. Qxg3 Kh8 18. h5 Bb6 19. h6 g6 20. f4 Bd4 21. Bd3 Rg8 22. Ne2 Bf6 23. Rdg1 Kh7 24. Qf2 Bc8 25. Bc3 b5 26. Rf1 Rdf8 27. Qg2 Bd7 28. Qf3 Nb8 29. Kb1 Bc8 30. e5 dxe5 31. fxe5 Bxe5 32. Qe4 Bd6 33. Qd4 f6 34. Rxf6 Rxf6 35. Qxf6 Qxf6 36. Bxf6 Nd7 37. Bg5 Ne5 38. Be4 Nf7 39. Bd2 Re8 40. Nc3 Be6 41. Rg1 Ne5 42. Bf4 Rf8 43. Bc1 Rf7 44. Bb7 c6 45. Bxa6 Ra7 46. Ne4 Be7 47. Ng5+ Bxg5 48. Rxg5 Nf7 49. Rg3 Rxa6 50. Re3 c5 51. Re1 g5 52. Rh1 Bf5 53. Rf1 Bg6 54. Rh1 Be4 55. Re1 Re6 56. Be3 Nxh6 57. Kc1 Kg6 58. Bxc5 g4 59. Kd2 g3 60. Kc3 g2 61. Kb4 Nf7 62. b3 Ng5 63. Rc1 Rf6 64. Rd1 Bxc2 65. Rd2 Be4 66. Kxb5 Rf5 67. Rd1 Ne6 68. b4 Nxc5 69. bxc5 Rf1 70. Rd6+ Kf5 0-1

[Event "ESP-ch U16"]
[Site "Salobrena"]
[Date "2020.08.15"]
[Round "9"]
[White "Revaliente Montoya, Ciro"]
[Black "Cuellar Montes, Alejandro"]
[Result "0-1"]
[WhiteElo "2185"]
[BlackElo "2006"]
[PlyCount "74"]
[EventDate "2020.08.10"]
[EventType "swiss"]
[EventRounds "9"]
[EventCountry "ESP"]
[SourceTitle "EXT 2021"]
[Source "ChessBase"]
[SourceDate "2020.10.23"]
[SourceVersion "1"]
[SourceVersionDate "2020.10.23"]
[SourceQuality "1"]

1. e4 e5 2. Nc3 Nf6 3. f4 d5 4. fxe5 Nxe4 5. Qf3 Nxc3 6. dxc3 Be6 7. Bf4 c5 8. 0-0-0 Qd7 9. Qg3 Nc6 10. Nh3 h6 11. Nf2 Qc7 12. c4 d4 13. h4 0-0-0 14. Be2 Kb8 15. Ne4 a6 16. b3 Qa5 17. a4 Qb4 18. Kb2 Ka8 19. Rhf1 g6 20. Nf6 Bg7 21. Bd3 Qb6 22. Nd5 Rxd5 23. cxd5 Bxd5 24. Rfe1 c4 25. Be4 c3+ 26. Ka2 Nb4+ 27. Kb1 Be6 28. Qf2 Rd8 29. Bd3 Bf8 30. Qe2 Rc8 31. Rf1 Rc5 32. Qf2 Ra5 33. Be4 Rxa4 34. Rxd4 Ra1+ 35. Kxa1 Qa5+ 36. Kb1 Qa2+ 37. Kc1 Qa1# 0-1

[Event "ESP-ch U16"]
[Site "Salobrena"]
[Date "2020.08.13"]
[Round "6"]
[White "Cuellar Montes, Alejandro"]
[Black "Carbonell Sancho, Marc"]
[Result "0-1"]
[WhiteElo "2006"]
[BlackElo "2187"]
[PlyCount "88"]
[EventDate "2020.08.10"]
[EventType "swiss"]
[EventRounds "9"]
[EventCountry "ESP"]
[SourceTitle "EXT 2021"]
[Source "ChessBase"]
[SourceDate "2020.10.23"]
[SourceVersion "1"]
[SourceVersionDate "2020.10.23"]
[SourceQuality "1"]

1. d4 Nf6 2. c4 g6 3. Nc3 Bg7 4. e4 d6 5. f4 0-0 6. Nf3 c5 7. d5 e6 8. dxe6 fxe6 9. Bd3 Nc6 10. 0-0 a6 11. Ng5 Qe7 12. Bd2 Rb8 13. Qf3 Nh5 14. e5 Nxe5 15. Qe2 Nxd3 16. Qxd3 Bd7 17. Rae1 Bd4+ 18. Kh1 Rbe8 19. Qe4 b5 20. f5 Rxf5 21. Rxf5 gxf5 22. Qh4 Nf6 23. Ne2 Bxb2 24. Ng3 Qg7 25. Nh5 Nxh5 26. Qxh5 Qg6 27. Qf3 Bf6 28. Nh3 bxc4 29. Qb7 Bb5 30. Re3 Be5 31. Bc3 f4 32. Rf3 Bxc3 33. Rxc3 d5 34. a4 d4 35. Rf3 Bxa4 36. Nxf4 Bc6 37. Qb6 Qf5 38. Rg3+ Kh8 39. Ne2 Be4 40. Qc7 Qf6 41. Qxc5 d3 42. Ng1 d2 43. Qh5 Rd8 44. Qd1 Bc2 0-1

[Event "ESP-ch U16"]
[Site "Salobrena"]
[Date "2020.08.11"]
[Round "3"]
[White "Guillo Longares, Cecilia"]
[Black "Cuellar Montes, Alejandro"]
[Result "1-0"]
[WhiteElo "2134"]
[BlackElo "2006"]
[PlyCount "109"]
[EventDate "2020.08.10"]
[EventType "swiss"]
[EventRounds "9"]
[EventCountry "ESP"]
[SourceTitle "EXT 2021"]
[Source "ChessBase"]
[SourceDate "2020.10.23"]
[SourceVersion "1"]
[SourceVersionDate "2020.10.23"]
[SourceQuality "1"]

1. d4 Nf6 2. c4 e6 3. Nf3 d5 4. cxd5 exd5 5. Nc3 Bb4 6. Bg5 h6 7. Bf4 0-0 8. Qc2 Ne4 9. Qb3 Nc6 10. a3 Bxc3+ 11. bxc3 Na5 12. Qb4 Nc4 13. e3 a5 14. Qb3 a4 15. Qb4 Ned6 16. Bd3 b6 17. Ne5 Ba6 18. 0-0 Nxe5 19. dxe5 Bxd3 20. exd6 c5 21. Qb2 Bxf1 22. Rxf1 Qd7 23. Qxb6 Rfc8 24. Rb1 Kh7 25. h3 Rc6 26. Qb5 Rd8 27. Qd3+ Kg8 28. Qxd5 Rdc8 29. Qc4 Re8 30. Rb5 Rec8 31. Bg3 Qf5 32. Qxa4 Qd3 33. Rb7 Rxd6 34. Bxd6 Qxd6 35. Rd7 Qe6 36. Qa7 Qf5 37. Qb7 Re8 38. a4 c4 39. Rd4 Rc8 40. Rf4 Qe6 41. Rxf7 Qxf7 42. Qxc8+ Kh7 43. Qc5 Qe6 44. a5 Qe4 45. a6 Qb1+ 46. Kh2 Qb8+ 47. f4 Qa8 48. Qxc4 Qa7 49. Qe4+ Kh8 50. Qe6 Qc5 51. c4 Qc7 52. Qd5 Qa7 53. Qb7 Qxe3 54. Qb8+ Kh7 55. a7 1-0

[Event "ESP-ch U16"]
[Site "Salobrena"]
[Date "2020.08.10"]
[Round "1"]
[White "Cuellar Montes, Alejandro"]
[Black "Dopazo Vazquez, Ivan1111"]
[Result "1-0"]
[WhiteElo "2006"]
[BlackElo "1610"]
[PlyCount "77"]
[EventDate "2020.08.10"]
[EventType "swiss"]
[EventRounds "9"]
[EventCountry "ESP"]
[SourceTitle "EXT 2021"]
[Source "ChessBase"]
[SourceDate "2020.10.23"]
[SourceVersion "1"]
[SourceVersionDate "2020.10.23"]
[SourceQuality "1"]

1. d4 Nc6 2. d5 Ne5 3. f4 Ng6 4. e4 e6 5. dxe6 fxe6 6. h4 Bd6 7. e5 Bc5 8. Nf3 Nh6 9. h5 Ne7 10. Nc3 a6 11. Bd3 b5 12. Ne4 Bb6 13. Bd2 Bb7 14. Qe2 Nef5 15. Nfg5 Nd4 16. Qf1 Qe7 17. c3 Ndf5 18. Qe2 Qf8 19. g4 Ne7 20. 0-0-0 0-0-0 21. c4 Nc6 22. cxb5 Nd4 23. Qf1 axb5 24. Rg1 Nf7 25. Nxf7 Qxf7 26. Kb1 Qe7 27. Rc1 Kb8 28. Rg3 Qh4 29. Be1 Qh2 30. Rh3 Qxh3 31. Qxh3 Bd5 32. Nc3 Bc6 33. Bf2 b4 34. Ne4 Ne2 35. Rxc6 Nxf4 36. Rxb6+ cxb6 37. Qe3 Nd5 38. Qd4 Rhf8 39. Bc4 1-0

[Event "Gibraltar U16 op"]
[Site "Caleta"]
[Date "2019.08.16"]
[Round "2"]
[White "Cuellar Montes, Alejandro"]
[Black "Lorente Serrano, Rosa Adela"]
[Result "1-0"]
[WhiteElo "2143"]
[BlackElo "1810"]
[PlyCount "59"]
[EventDate "2019.08.16"]
[EventType "swiss"]
[EventRounds "6"]
[EventCountry "GGB"]
[SourceTitle "CBM 195 Extra"]
[Source "ChessBase"]
[SourceDate "2020.05.31"]
[SourceVersion "1"]
[SourceVersionDate "2020.05.31"]
[SourceQuality "1"]

1. d4 Nf6 2. c4 g6 3. Nc3 Bg7 4. e4 d6 5. f4 c5 6. d5 b5 7. cxb5 a6 8. a4 Bd7 9. Qc2 0-0 10. Nf3 axb5 11. Bxb5 Bxb5 12. Nxb5 e6 13. dxe6 fxe6 14. 0-0 Qb6 15. Kh1 Nc6 16. Be3 Ng4 17. Bg1 Na5 18. h3 Nh6 19. Ng5 Rae8 20. Rad1 Nb7 21. Qd2 Qa6 22. Nc7 Qxa4 23. Ngxe6 Qxe4 24. Nxe8 Rxe8 25. Nxg7 Kxg7 26. Rfe1 Qc6 27. Qc3+ Kg8 28. Qb3+ c4 29. Rxe8+ Kf7 30. Qc3 1-0

[Event "Andalucia-chT Honor Occidental"]
[Site "Andalucia"]
[Date "2018.10.21"]
[Round "4.9"]
[White "Millan Gutierrez, Zoilo"]
[Black "Cuellar Montes, Alejandro"]
[Result "0-1"]
[WhiteElo "1861"]
[BlackElo "2034"]
[PlyCount "108"]
[EventDate "2018.09.30"]
[EventType "team-tourn"]
[EventRounds "7"]
[EventCountry "ESP"]
[SourceTitle "EXT 2020"]
[Source "ChessBase"]
[SourceDate "2019.10.17"]
[SourceVersion "1"]
[SourceVersionDate "2019.10.17"]
[SourceQuality "1"]
[WhiteTeam "Shahmat"]
[BlackTeam "Bahia Sur Pai Hotel"]
[WhiteTeamCountry "ESP"]
[BlackTeamCountry "ESP"]

1. e4 d6 2. d4 Nf6 3. Nc3 Nbd7 4. Nf3 e5 5. Bc4 Be7 6. h3 0-0 7. 0-0 c6 8. a4 a5 9. Be3 exd4 10. Nxd4 Nc5 11. Qf3 Qb6 12. Nb3 Nfd7 13. Nxc5 Nxc5 14. Qe2 Bf6 15. Rad1 Qxb2 16. Rxd6 Qxc3 17. Bxc5 Be7 18. Rd3 Qxc4 19. Bxe7 Re8 20. Rd8 Be6 21. Qxc4 Bxc4 22. Rfd1 Be2 23. R1d2 Raxd8 24. Rxd8 Rxd8 25. Bxd8 Bd1 26. c3 Bxa4 27. Bxa5 Kf8 28. f4 Bc2 29. e5 Ke7 30. Kf2 Ke6 31. c4 b5 32. cxb5 cxb5 33. Ke3 Kd5 34. Kd2 Be4 35. g3 Kc4 36. Kc1 Kd3 37. Kb2 Ke3 38. Kc1 Kf2 39. g4 Kg3 40. f5 Kxh3 41. e6 fxe6 42. fxe6 Kxg4 43. e7 Bc6 44. Kd2 h5 45. Ke2 h4 46. Kf2 g5 47. Bb4 Kf4 48. Bd6+ Kf5 49. Kg1 g4 50. Kh2 Ke4 51. Kg1 Kd5 52. Bf4 b4 53. Bg5 b3 54. Bf6 Ke6 0-1

[Event "Andalucia-chA"]
[Site "Roquetas de Mar"]
[Date "2017.05.20"]
[Round "5"]
[White "Cuellar Montes, Alejandro"]
[Black "Garcia Fernandez, Miguel"]
[Result "1-0"]
[WhiteElo "1924"]
[BlackElo "1801"]
[PlyCount "107"]
[EventDate "2017.05.13"]
[EventType "swiss"]
[EventRounds "8"]
[EventCountry "ESP"]
[SourceTitle "EXT 2020"]
[Source "ChessBase"]
[SourceDate "2019.10.17"]
[SourceVersion "1"]
[SourceVersionDate "2019.10.17"]
[SourceQuality "1"]

1. d4 e6 2. c4 Nf6 3. Nc3 d5 4. Bg5 Nbd7 5. cxd5 exd5 6. e3 c6 7. Bd3 Bd6 8. Nf3 0-0 9. 0-0 Re8 10. Rb1 a5 11. a3 b5 12. b4 axb4 13. axb4 Qe7 14. Qb3 h6 15. Bh4 g5 16. Bg3 Bxg3 17. hxg3 Ne4 18. Bxe4 dxe4 19. Nd2 Nf6 20. Ra1 Be6 21. Qb2 Nd5 22. Ncxe4 Nxb4 23. Nc5 Nd5 24. e4 Nb6 25. Rxa8 Rxa8 26. Ra1 Rxa1+ 27. Qxa1 Qd8 28. Nf3 Nc4 29. Qa7 Bg4 30. Ne5 Nxe5 31. dxe5 Qd1+ 32. Kh2 Qe2 33. e6 Bxe6 34. Qb8+ Kh7 35. Nxe6 fxe6 36. Qc7+ Kg6 37. Qxc6 Qc4 38. Qe8+ Kf6 39. Qh8+ Ke7 40. Qxh6 Qxe4 41. Qxg5+ Kf7 42. Qxb5 Qe1 43. Qh5+ Kg7 44. Qg5+ Kf7 45. Qf4+ Kg6 46. g4 Qa1 47. g5 Qh8+ 48. Kg3 Qc3+ 49. Kg4 Qh8 50. Qe4+ Kf7 51. g6+ Ke7 52. Qb7+ Kd6 53. Qf7 Qc3 54. g7 1-0